[Event "GER-chT School WK 3"]
[Site "Playchess.com INT"]
[Date "2020.06.15"]
[Round "4.2"]
[White "Repp, Nikolas"]
[Black "Konia, Polina"]
[Result "0-1"]
[WhiteElo "1591"]
[BlackElo "1483"]
[PlyCount "72"]
[EventDate "2020.06.15"]
[EventType "team-swiss (blitz)"]
[EventRounds "5"]
[EventCountry "GER"]
[SourceTitle "EXT 2021"]
[Source "ChessBase"]
[SourceDate "2020.10.23"]
[SourceVersion "1"]
[SourceVersionDate "2020.10.23"]
[SourceQuality "1"]
[WhiteTeam "Kitzingen Knaben Gymn"]
[BlackTeam "Leipzig Ostwald Gymn"]
[WhiteTeamCountry "GER"]
[BlackTeamCountry "GER"]

1. Nc3 e5 2. Nf3 Nc6 3. d4 exd4 4. Nxd4 Nxd4 5. Qxd4 Nf6 6. Bg5 Be7 7. e4 0-0 8. Bd3 Nh5 9. Bxe7 Qxe7 10. Nd5 Qd8 11. Qe5 Nf6 12. Nxc7 Rb8 13. 0-0 b6 14. Ne6 dxe6 15. Qxb8 Qd7 16. Qg3 Bb7 17. e5 Nh5 18. Qh4 g6 19. g4 Nf4 20. Rad1 Qd5 21. f3 Qd4+ 22. Rf2 Bxf3 23. Bxg6 Qxd1+ 24. Rf1 Ne2+ 25. Kf2 Qd4+ 26. Kxf3 fxg6+ 27. Kxe2 Qe4+ 28. Kd2 Rxf1 29. Qd8+ Kg7 30. Qe7+ Rf7 31. Qxe6 Qd4+ 32. Ke2 Qe4+ 33. Kd2 Rf2+ 34. Kc3 Rf3+ 35. Kd2 Qe3+ 36. Kd1 Rf1# 0-1